000 00477cam a2200157 4500500
005 20260329004435.0
041 _afre
042 _adc
245 0 0 _aLes Philosophes dans le métro
260 _c2019.
500 _a4
690 _aLuc de Brabandere
690 _aMétro
786 0 _nPhilosophie magazine | 134 | 11 | 2019-11-01 | p. 59-59 | 1951-1787
856 4 1 _uhttps://shs.cairn.info/magazine-philosophie-magazine-2019-11-page-59?lang=fr&redirect-ssocas=7080
999 _c1833851
_d1833851